| 000 | 00991nam a22002537a 4500 | ||
|---|---|---|---|
| 003 | PE SENCICO BE | ||
| 005 | 20251020182707.0 | ||
| 008 | 240318b |||||||| |||| 00| 0 eng d | ||
| 040 |
_aPE SENCICO BE _cPE SENCICO BE |
||
| 041 | _aspa | ||
| 084 |
_aI _aDIS _a2018 _bC88C |
||
| 100 | 1 |
_92021 _aCruz Quispe. Edith _eautor |
|
| 245 | 1 |
_aCentro de belleza y relax "Ranacer" / _cEdith Rocío Cruz Quispe |
|
| 260 |
_aLima : _c2018 |
||
| 300 |
_a37 h. : _bil. col. ; _c30 cm. |
||
| 500 | _aEl volumen 2 contiene planos. | ||
| 502 | _aMonografía de Titulación.-- Servicio Nacional de Capacitación para la Industria de la Construcción. Escuela Superior Técnica. Carrera Profesional Técnica en Edificaciones, 2018 | ||
| 650 | 1 | 0 |
_944 _aDiseño de interiores |
| 650 | 2 | 0 |
_91954 _aSalones de belleza |
| 650 | 2 | 0 |
_9615 _aPlanos |
| 710 | 1 |
_aServicio Nacional de Capacitación para la Industria de la Construcción. _bEscuela Superior Técnica _91065 |
|
| 910 |
_bhfp _chfp |
||
| 942 | _cMON | ||
| 999 |
_c4988 _d4988 |
||